000
00253nam a2200109Ia 4500
008
170627s9999 xx 000 0 und d
100
_a
SHARMA - J.K
245
0
_a
OPEFRATIONS RESEARCH
260
_b
MACMILLAN
260
_c
2007
546
_a
ENGLISH
690
_a
OPEFRATIONS RESEARCH
999
_c
35365
_d
35365